La Declaration des droits de l'homme et du citoyen : (Record no. 84637)
[ view plain ]
| 000 -LEADER | |
|---|---|
| campo de control de longitud fija | 00823nam a2200205 i 4500 |
| 001 - NÚMERO DE CONTROL | |
| campo de control | 84637 |
| 003 - IDENTIFICADOR DE NÚMERO DE CONTROL | |
| campo de control | ES-MaACL |
| 005 - FECHA Y HORA DE LA ÚLTIMA TRANSACCIÓN | |
| campo de control | 20230906175044.0 |
| 007 - CAMPO FIJO DE DESCRIPCIÓN FÍSICA--INFORMACIÓN GENERAL | |
| campo de control de longitud fija | t| |
| 008 - DATOS DE LONGITUD FIJA--INFORMACIÓN GENERAL | |
| campo de control de longitud fija | 041123s1902 fr ||||1| fre d |
| 100 1# - ENTRADA PRINCIPAL--NOMBRE DE PERSONA | |
| Nombre de persona | Jellinek, Georg ( |
| Fechas asociadas al nombre | 1851-1911) |
| 9 (RLIN) | 66282 |
| 245 13 - MENCIÓN DEL TÍTULO | |
| Título | La Declaration des droits de l'homme et du citoyen : |
| Resto del título | contribution a l'histoire du droit constitutionnel moderne / |
| Mención de responsabilidad, etc. | par George Jellinek ; traduit par Georges Fardis ; avec une preface de M.F. Larnaude. |
| 260 ## - PUBLICACIÓN, DISTRIBUCIÓN, ETC. | |
| Lugar de publicación, distribución, etc. | [S.l. : |
| Nombre del editor, distribuidor, etc. | s.n., |
| Fecha de publicación, distribución, etc. | 1902] ( |
| Lugar de fabricación/manufactura | Saint Amand : |
| Fabricante | Bussière) |
| 300 ## - DESCRIPCIÓN FÍSICA | |
| Extensión | XIII, 101 p. ; |
| Dimensiones | 23 cm. |
| 650 ## - PUNTO DE ACCESO ADICIONAL DE MATERIA--TÉRMINO DE MATERIA | |
| Término de materia o nombre geográfico como elemento de entrada | Derechos políticos y civiles- |
| Subdivisión geográfica | Francia. |
| 9 (RLIN) | 164903 |
| 650 #4 - PUNTO DE ACCESO ADICIONAL DE MATERIA--TÉRMINO DE MATERIA | |
| Término de materia o nombre geográfico como elemento de entrada | Derechos políticos y civiles- |
| Subdivisión geográfica | Estados Unidos. |
| 9 (RLIN) | 172077 |
| 700 1# - ENTRADA AGREGADA--NOMBRE PERSONAL | |
| Nombre de persona | Fardis, Georges. |
| 9 (RLIN) | 48834 |
| 700 1# - ENTRADA AGREGADA--NOMBRE PERSONAL | |
| Nombre de persona | Larnaude, M. F. |
| 9 (RLIN) | 70275 |
| 852 ## - LOCALIZACIÓN | |
| Ubicación | ES-MaACL |
| Número de control de estantería | D-1668 |
| Estatus retirado | Estado de pérdida | Estado de daño | No para préstamo | Biblioteca de origen | Biblioteca actual | Ubicación en estantería | Fecha de adquisición | Fuente de adquisición | Total de préstamos | Signatura topográfica completa | Código de barras | Visto por última vez | Precio de reemplazo | Tipo de ítem Koha |
|---|---|---|---|---|---|---|---|---|---|---|---|---|---|---|
| Biblioteca del Ateneo de Madrid | Biblioteca del Ateneo de Madrid | Sala Valle Inclán | 17/01/2008 | D-1668 | 901088453 | 23/02/2023 | 23/02/2023 | Libro impreso |
